Appllied Electricity / (Record no. 595306)

000 -LEADER
fixed length control field 00355nam a22001457a 4500
040 ## - CATALOGING SOURCE
Transcribing agency 0
082 ## - DEWEY DECIMAL CLASSIFICATION NUMBER
Classification number 621.3,COT
100 ## - MAIN ENTRY--PERSONAL NAME
Personal name Cotton, H
9 (RLIN) 40193
245 ## - TITLE STATEMENT
Title Appllied Electricity /
Statement of responsibility, etc. H. Cotton
250 ## - EDITION STATEMENT
Edition statement 2nd Edition
260 ## - PUBLICATION, DISTRIBUTION, ETC.
Place of publication, distribution, etc. Sir Isaac Pitman
Name of publisher, distributor, etc. London
Date of publication, distribution, etc. 1953
300 ## - PHYSICAL DESCRIPTION
Extent 481 p
650 ## - SUBJECT ADDED ENTRY--TOPICAL TERM
Topical term or geographic name entry element Appllied Electricity
9 (RLIN) 113709
942 ## - ADDED ENTRY ELEMENTS (KOHA)
Source of classification or shelving scheme
Koha item type Book Bank
Holdings
Withdrawn status Lost status Source of classification or shelving scheme Damaged status Not for loan Permanent Location Current Location Shelving location Date acquired Full call number Barcode Date last seen Price effective from Koha item type Public note
          Military College of Signals (MCS) Military College of Signals (MCS) General Stacks 07/18/2023 621.3,COT MCS21605 07/18/2023 07/18/2023 Book Almirah No 88, Shelf No 2
© 2023 Central Library, National University of Sciences and Technology. All Rights Reserved.